| 000 | 00634nam a22001697a 4500 | ||
|---|---|---|---|
| 003 | MACL | ||
| 005 | 20160727131719.0 | ||
| 008 | 160727b xxu||||| |||| 00| 0 eng d | ||
| 040 | _cMACL | ||
| 041 | _aHindi | ||
| 082 | _a800 GUP | ||
| 100 |
_aगुप्त, गंगा प्रसाद _961922 |
||
| 245 |
_aबुन्देलखंड के अज्ञात रचनाकार _cगंगा प्रसाद गुप्त |
||
| 260 |
_aइलाहाबाद _bअनामिका प्रकाशन _c2012 |
||
| 650 |
_aकाव्य समीक्षा _948818 |
||
| 942 |
_2ddc _cHIN |
||
| 999 |
_c55109 _d55109 |
||